000 00525nam a22001697a 4500
005 20240216052227.0
008 240216b |||||||| |||| 00| 0 eng d
082 _222
_a320.4.
_bARI.
100 _aAbeysinghe, Ariya.
245 _aDevolution of power & The provincial council system :
_bA historical cum politico - Administrative perspective /
260 _aSri Lanka :
_bCentre for Society & religion /
_c1992.
300 _a131, p.,
650 _apolitical.
650 _aAdministrative.
650 _aEconomic
942 _cL
999 _c415
_d415